Central Library OPAC University of Rajshahi
Normal view MARC view

Entry Personal Name

Number of records used in: 1

001 - CONTROL NUMBER

  • control field: 8450

003 - CONTROL NUMBER IDENTIFIER

  • control field: BD-RjUL

005 - DATE AND TIME OF LATEST TRANSACTION

  • control field: 20230822114020.0

008 - FIXED-LENGTH DATA ELEMENTS

  • fixed length control field: 230822|| aca||aabn | a|a d

040 ## - CATALOGING SOURCE

  • Original cataloging agency: BD-RjUL
  • Transcribing agency: BD-RjUL

100 ## - HEADING--PERSONAL NAME

  • Personal name: Khan, Khalilullah ;; خان, خليل الله

670 ## - SOURCE DATA FOUND

  • Source citation: Work cat.: (BD-RjUL)81737: Khan, Khalilullah ;; خان, خليل الله, رياض خير‌آبادى (حيات اور ادبي خدمات) ;; Riyāẓ K̲h̲airābādī haiat awr adbi khadamatu /, 1974